000 00701nam a2200205Ia 4500
005 20260121110132.0
008 008 260114s9999 xx 000 0 hin d
020 _a9788132304456
037 _aEBOOK
040 _aCRL
_bhin
_cCRL
041 _ahin
_2hin
084 _qCRL
100 _aआभा सिन्हा / Abha Sinha
_9942477
245 0 _aभारत में स्वास्थ्य देखभाल सेवाएं / Bharat mein swasthya dekhbhal sevaayein
260 _bभाषा प्रकाशन / Bhasha Prakashan
_c2020
856 _uhttps://bhashaprakashan.com/product-details/378075
942 _cEBOOK
999 _c1534142
_d1534142